000 00348 a2200157 4500
001 60005
020 _a9783190118236
040 _cAnchieta - Pituba
100 _aKrenn, Eilfried
240 1 0 _aIdeen 1
_lpor
245 1 0 _aIdeen 1
300 _a152
362 0 _a2008
650 4 _aLínguas germânicas (teutônicas) língua alemã
942 _cBK
999 _c60005
_d60005